000 00501nam a2200193 a 4500
001 1770806978053
003 YourLibrary
005 20260211162327.0
008 260211s2008##################000#0#eng##
020 _a9788171886647
082 0 4 _a333.794
_bMAL
100 1 _aMallik, Amitav,
_eauthor.
245 1 0 _aRenewable Energy Technologies :
260 _bAcademic Foundation,
_c2008.
300 _a98 pages
650 0 _aScience.
942 _cENGLISH
040 _aYourLibrary
_beng
_cYourLibrary
999 _c611838
_d611838